Treatise on materials science and technology (Record no. 31775)

000 -LEADER
fixed length control field 00529nam a22002057a 4500
001 - CONTROL NUMBER
control field 31775
003 - CONTROL NUMBER IDENTIFIER
control field BD-DhUET
008 - FIXED-LENGTH DATA ELEMENTS--GENERAL INFORMATION
fixed length control field 150705b xxu||||| |||| 00| 0 eng d
040 ## - CATALOGING SOURCE
Original cataloging agency DLC
Transcribing agency DLC
Modifying agency BD-DhUET
082 ## - DEWEY DECIMAL CLASSIFICATION NUMBER
Classification number 620.1
Item number HER/1973
100 ## - MAIN ENTRY--PERSONAL NAME
Personal name Herman, Herbert
245 ## - TITLE STATEMENT
Title Treatise on materials science and technology
250 ## - EDITION STATEMENT
Edition statement 1st ed.
260 ## - PUBLICATION, DISTRIBUTION, ETC. (IMPRINT)
Place of publication, distribution, etc. New York
Name of publisher, distributor, etc. Academic Press
Date of publication, distribution, etc. 1973
300 ## - PHYSICAL DESCRIPTION
Extent xi, 398p.
Other physical details ill.
500 ## - GENERAL NOTE
General note Vol. 2
504 ## - BIBLIOGRAPHY, ETC. NOTE
Bibliography, etc Includes bibliographies
650 #0 - SUBJECT ADDED ENTRY--TOPICAL TERM
Topical term or geographic name as entry element Applied mechanics
942 ## - ADDED ENTRY ELEMENTS (KOHA)
Koha item type Edited Book
Holdings
Koha normalized classification for sorting Lost status Price effective from Date acquired Piece designation (barcode) Not for loan Koha item type Copy number Damaged status Source of classification or shelving scheme Sublocation or collection (holding branch) Withdrawn status Shelving location Koha full call number Koha date last seen Location (home branch)
620_100000000000000_HER_1973 2015-07-052015-07-0556065 Edited Book1  Central Library, BUET Circulation section620.1/HER/19732015-07-05Central Library, BUET